Nuevos desafíos de la planificación regional

Enregistré dans:
Détails bibliographiques
Collectivité auteur: Ministerio de Planificación y Cooperación (Auteur)
Format: Livre
Langue:espagnol
Publié: Santiago MIDEPLAN 2002
Sujets:
Tags: Ajouter un tag
Pas de tags, Soyez le premier à ajouter un tag!

MARC

LEADER 00000nam a2200000 a 4500
001 UCM5071
003 CL-VaPUC
008 020927e20020000CL |||||||||||||||||spa|d
082 0 4 |a 352.14  |b MIN  |2 21 
110 2 |a Ministerio de Planificación y Cooperación  |e author  |9 471398 
245 1 0 |a Nuevos desafíos de la planificación regional 
300 |a 228 p 
942 |c BK 
945 |d 20020927 00:00:00  |a cmena 
260 |a Santiago  |b MIDEPLAN  |c 2002 
650 0 |a Planificación regional   |9 257050 
650 0 |a Regionalización   |9 255465 
650 0 |a Desarrollo regional  |9 354599 
650 7 |a GOBIERNO REGIONAL  |2 CL-VaPUC  |9 356897 
583 |a last modification  |c 20150327 10:58:48  |k Rodrigo Vera 
999 |c 301369  |d 301367 
952 |0 0  |1 0  |4 0  |6 352_140000000000000_MIN_2002  |7 0  |8 A  |9 360225  |a BIBCUR  |b BIBCUR  |d 2019-11-21  |i 3836517  |o 352.14 MIN 2002  |p 3836517  |r 2025-04-22  |w 2019-11-21  |y BK  |k PER 
952 |0 0  |1 0  |4 0  |6 352_140000000000000_MIN_2002  |7 0  |8 A  |9 360226  |a BIBING  |b BIBING  |d 2019-11-21  |i 3858634  |o 352.14 MIN 2002  |p 3858634  |r 2025-01-20  |w 2019-11-21  |y BK  |k GEO 
952 |0 0  |1 0  |2 ddc  |4 0  |6 352_140000000000000_MIN_2002  |7 0  |8 A  |9 360227  |a BIBCUR  |b BIBCUR  |c PAC  |d 2019-11-21  |i 3922707  |o 352.14 MIN 2002  |p 3922707  |r 2025-04-22  |w 2019-11-21  |y BK  |k PER 
952 |0 0  |1 0  |4 0  |6 352_140000000000000_MIN_2002  |7 0  |8 A  |9 360228  |a BIBING  |b BIBING  |d 2019-11-21  |i 4557832  |o 352.14 MIN 2002  |p 4557832  |r 2025-01-20  |w 2019-11-21  |y BK  |k ING